Rhétorique et argumentation (notice n° 2197671)
[ vue normale ]
| 000 -LEADER | |
|---|---|
| fixed length control field | 01315cam a2200133 4500500 |
| 005 - DATE AND TIME OF LATEST TRANSACTION | |
| control field | 20260405085441.0 |
| 041 ## - LANGUAGE CODE | |
| Language code of text/sound track or separate title | fre |
| 042 ## - AUTHENTICATION CODE | |
| Authentication code | dc |
| 100 10 - MAIN ENTRY--PERSONAL NAME | |
| Personal name | Robrieux, Jean-Jacques |
| Relator term | author |
| 245 00 - TITLE STATEMENT | |
| Title | Rhétorique et argumentation |
| 260 ## - PUBLICATION, DISTRIBUTION, ETC. | |
| Name of publisher, distributor, etc. | Armand Colin,<br/> |
| Date of publication, distribution, etc. | 2021.<br/> |
| 520 ## - SUMMARY, ETC. | |
| Summary, etc. | Toute communication est rhétorique, dès lors qu’on cherche à faire valoir un point de vue. Les conversations quotidiennes, les discours politiques et médiatiques prouvent à chaque instant que la plupart de nos raisonnements sont fondés sur des valeurs et supposent des conflits d’intérêts, ce qu’Aristote avait compris bien avant nous. C’est pourquoi ce livre étudie, à la lumière des traités anciens comme des recherches contemporaines, les principaux procédés relevant de l’art de persuader dans les domaines littéraire et extra-littéraire. Il explore le champ complet de la matière et s’intéresse autant aux figures qu’aux arguments. Conçu comme un ouvrage de référence, ce livre s’adresse principalement aux étudiants en lettres, en philosophie et en communication, mais concerne également tous ceux qui désirent mieux convaincre et déjouer les pièges du discours. |
| 856 41 - ELECTRONIC LOCATION AND ACCESS | |
| Uniform Resource Identifier | <a href="https://shs.cairn.info/rhetorique-et-argumentation--9782200630867?lang=fr&redirect-ssocas=7080">https://shs.cairn.info/rhetorique-et-argumentation--9782200630867?lang=fr&redirect-ssocas=7080</a> |
Pas d'exemplaire disponible.




Réseaux sociaux